000 00279nam a2200121Ia 4500
008 190216s9999||||xx |||||||||||||| ||und||
100 _aWebb W T
245 0 _aCowper`S Letters
260 _bMac Millian And Com. Ltd
_c1950
300 _a188p
650 _aBiography
942 _cBK
999 _c11629
_d11629